000
00321nam a22001457a 4500
008
221109b ||||| |||| 00| 0 eng d
020
_a
9781319111786
041
_a
eng
080
_a
070
082
_a
070 TAY
100
_a
18.2
101
_a
MEDIA
245
_a
BECOMING A COLLEGE WRITER
_c
TAYLOR T
942
_2
udc
_c
BK
999
_c
58819
_d
58819